[Event "Sao Martinho do Porto op 1st"]
[Site "Sao Martinho do Porto"]
[Date "2018.09.18"]
[Round "6"]
[White "Amato, Giampiero"]
[Black "Selkirk, Rebecca"]
[Result "0-1"]
[WhiteElo "2031"]
[BlackElo "1733"]
[PlyCount "64"]
[EventDate "2018.09.15"]
[EventType "swiss"]
[EventRounds "9"]
[EventCountry "POR"]
[SourceTitle "CBM 186 Extra"]
[Source "ChessBase"]
[SourceDate "2018.08.24"]
[SourceVersion "1"]
[SourceVersionDate "2018.08.24"]
[SourceQuality "1"]

1. d4 d5 2. Bg5 f6 3. Bh4 Nh6 4. e3 Nf5 5. Bg3 Nc6 6. Nc3 h5 7. Be2 g6 8. Bf3 e6 9. h3 Nxg3 10. fxg3 Qd6 11. Nge2 a6 12. Qd3 f5 13. 0-0-0 Na5 14. Rdf1 Nc4 15. Nf4 Kf7 16. Nfxd5 Nxb2 17. Kxb2 exd5 18. Bxd5+ Kg7 19. e4 Qa3+ 20. Ka1 Bb4 21. Bb3 c6 22. d5 Rf8 23. g4 fxe4 24. Nxe4 Bd7 25. Qd4+ Kh7 26. Nf6+ Rxf6 27. Rxf6 Rf8 28. c3 c5 29. Qe5 c4 30. Rxf8 Bxf8 31. Qc7 cxb3 32. Qxd7+ Bg7 0-1

[Event "Basingstoke 4NCL Spring Bank op-A 1st"]
[Site "Basingstoke"]
[Date "2018.05.27"]
[Round "4"]
[White "Colovic, Aleksandar"]
[Black "Amato, Giampiero"]
[Result "1-0"]
[WhiteElo "2440"]
[BlackElo "2075"]
[PlyCount "53"]
[EventDate "2018.05.25"]
[EventType "swiss"]
[EventRounds "7"]
[EventCountry "ENG"]
[SourceTitle "CBM 184 Extra"]
[Source "ChessBase"]
[SourceDate "2018.06.28"]
[SourceVersion "1"]
[SourceVersionDate "2018.06.28"]
[SourceQuality "1"]

1. e4 e5 2. Nf3 Nf6 3. Nxe5 d6 4. Nf3 Nxe4 5. Nc3 Nxc3 6. dxc3 Be7 7. Be3 Nc6 8. Qd2 Be6 9. 0-0-0 Qd7 10. h4 a6 11. Ng5 Bxg5 12. hxg5 0-0-0 13. c4 f6 14. gxf6 gxf6 15. Qc3 Qf7 16. c5 dxc5 17. Rxd8+ Rxd8 18. Qxc5 Qd7 19. Bd3 f5 20. Rh6 Kb8 21. Bf4 Rg8 22. Rf6 b6 23. Qxb6+ Kc8 24. Bxa6+ Kd8 25. Qc5 Qe7 26. Qxe7+ Kxe7 27. Rxe6+ 1-0

[Event "BCF-chT3S 1718 (4NCL) Promotion pool"]
[Site "England"]
[Date "2018.05.05"]
[Round "9.34"]
[White "Young, Alan J"]
[Black "Amato, Giampiero"]
[Result "1-0"]
[WhiteElo "2023"]
[BlackElo "2114"]
[PlyCount "91"]
[EventDate "2017.11.11"]
[EventType "team-tourn"]
[EventRounds "11"]
[EventCountry "ENG"]
[SourceTitle "EXT 2020"]
[Source "ChessBase"]
[SourceDate "2019.10.17"]
[SourceVersion "1"]
[SourceVersionDate "2019.10.17"]
[SourceQuality "1"]
[WhiteTeam "Rhyfelwyr Essyllwg"]
[BlackTeam "CSC Dragons"]
[WhiteTeamCountry "WLS"]
[BlackTeamCountry "ENG"]

1. e4 e5 2. Nf3 Nf6 3. d4 Nxe4 4. Bd3 d5 5. Nxe5 Nd7 6. Nxd7 Bxd7 7. Nc3 Nf6 8. Bg5 Be6 9. 0-0 Be7 10. f4 0-0 11. f5 Bd7 12. Kh1 c6 13. Qf3 Re8 14. Rae1 Bb4 15. Rxe8+ Bxe8 16. Ne2 Rc8 17. Nf4 Qd6 18. Qg3 Bd7 19. Qh4 Re8 20. c3 Ba5 21. Re1 Rxe1+ 22. Qxe1 h6 23. Bxf6 gxf6 24. Qg3+ Kh7 25. Nh5 Qxg3 26. Nxf6+ Kh8 27. hxg3 Bc8 28. Ne8 Bd7 29. Nd6 f6 30. Nxb7 Bc7 31. Nc5 Bc8 32. Kh2 Bd6 33. Kh3 Kg7 34. Kg4 Kf7 35. Bc2 a5 36. Ba4 h5+ 37. Kf3 Bxf5 38. Bxc6 Bxc5 39. Bxd5+ Ke7 40. dxc5 Bg4+ 41. Kf4 a4 42. b4 a3 43. b5 Kd7 44. b6 Be2 45. c6+ Kd6 46. c4 1-0

[Event "BCF-chT2a 1617 (4NCL)"]
[Site "England"]
[Date "2017.03.04"]
[Round "7.37"]
[White "Amato, Giampiero"]
[Black "Summerscale, Claire"]
[Result "1-0"]
[WhiteElo "2015"]
[BlackElo "1886"]
[PlyCount "35"]
[EventDate "2016.11.19"]
[EventType "team-tourn"]
[EventRounds "11"]
[EventCountry "ENG"]
[SourceTitle "EXT 2019"]
[Source "ChessBase"]
[SourceDate "2018.10.10"]
[SourceVersion "1"]
[SourceVersionDate "2018.10.10"]
[SourceQuality "1"]
[WhiteTeam "CSC Dragons"]
[BlackTeam "Grantham Sharks II"]
[WhiteTeamCountry "ENG"]
[BlackTeamCountry "ENG"]

1. e4 d5 2. exd5 Qxd5 3. Nc3 Qd8 4. d4 Nf6 5. Bc4 e6 6. Nf3 c6 7. 0-0 Be7 8. Re1 Nbd7 9. Qe2 Nb6 10. Bd3 0-0 11. Ne4 Nbd5 12. c4 Nxe4 13. Qxe4 Nf6 14. Qh4 c5 15. Bg5 g6 16. d5 Re8 17. Rad1 Bd7 18. d6 1-0

[Event "Heraklion op 18th"]
[Site "Heraklion"]
[Date "2016.09.05"]
[Round "4"]
[White "Amato, Giampiero"]
[Black "Brokalakis Gounaris, Christos"]
[Result "0-1"]
[WhiteElo "2025"]
[BlackElo "1723"]
[PlyCount "173"]
[EventDate "2016.09.03"]
[EventType "swiss"]
[EventRounds "9"]
[EventCountry "GRE"]
[SourceTitle "CBM 174 Extra"]
[Source "ChessBase"]
[SourceDate "2016.10.10"]
[SourceVersion "1"]
[SourceVersionDate "2016.10.10"]
[SourceQuality "1"]

1. e4 e5 2. Nf3 Nc6 3. Bb5 a6 4. Ba4 Nf6 5. 0-0 Be7 6. Re1 b5 7. Bb3 0-0 8. h3 d6 9. c3 Na5 10. Bc2 c5 11. d4 exd4 12. cxd4 Nc6 13. a4 Rb8 14. Nc3 b4 15. Ne2 Qb6 16. Bf4 Rb7 17. dxc5 dxc5 18. Ng3 Be6 19. e5 Nd5 20. Qd3 g6 21. Bg5 Rd8 22. Qe4 b3 23. Bxe7 Ndxe7 24. Bd1 Qb4 25. Qe2 Nd4 26. Nxd4 Rxd4 27. Qf1 Rbd7 28. Be2 a5 29. Bb5 Rd8 30. Rad1 Nf5 31. Ne2 Rxd1 32. Rxd1 Rd2 33. Rxd2 Qxd2 34. Qb1 Nd4 35. Nxd4 Qxd4 36. Qd3 Qxe5 37. Qd2 Kf8 38. Qd8+ Kg7 39. Qd2 Qd4 40. Qc1 Bf5 41. h4 Bc2 42. g3 Qd1+ 43. Qxd1 Bxd1 44. Kf1 Kf6 45. Ke1 Bc2 46. Kd2 Ke5 47. Kc3 Ke4 48. Bc6+ Ke5 49. Kc4 Kd6 50. Bf3 f6 51. Kb5 g5 52. h5 f5 53. Kxa5 Ke5 54. Kb5 Kd4 55. Be2 Bd3+ 56. Bxd3 Kxd3 57. Kxc5 Kc2 58. a5 Kxb2 59. a6 Kc2 60. a7 b2 61. a8Q b1Q 62. Qd5 Kc3 63. Qd4+ Kc2 64. Qe5 Kd1 65. Qd4+ Kc2 66. Qe3 Qf1 67. Kd4 Qd1+ 68. Ke5 Qxh5 69. Kxf5 Qg6+ 70. Kg4 h5+ 71. Kh3 Qf5+ 72. Kg2 h4 73. Qe2+ Kb1 74. Qd1+ Ka2 75. Qa4+ Kb2 76. Qb4+ Kc2 77. Qc4+ Kd2 78. gxh4 g4 79. Qd4+ Ke2 80. Qe3+ Kd1 81. Kg3 Qd7 82. Qf4 Ke1 83. Qxg4 Qd3+ 84. Qf3 Qg6+ 85. Kh2 Qd6+ 86. Qg3 Qd5 87. f4+ 0-1

[Event "Southend op 60th"]
[Site "Southend"]
[Date "2016.03.26"]
[Round "3"]
[White "Klingher, Dominic"]
[Black "Amato, Giampiero"]
[Result "0-1"]
[WhiteElo "2070"]
[BlackElo "2007"]
[PlyCount "92"]
[EventDate "2016.03.25"]
[EventType "swiss"]
[EventRounds "7"]
[EventCountry "ENG"]
[SourceTitle "CBM 171 Extra"]
[Source "ChessBase"]
[SourceDate "2016.04.26"]
[SourceVersion "1"]
[SourceVersionDate "2016.04.26"]
[SourceQuality "1"]

1. e4 e5 2. Nc3 Nf6 3. f4 d5 4. fxe5 Nxe4 5. Nf3 Be7 6. Qe2 Ng5 7. d4 0-0 8. Be3 Nc6 9. 0-0-0 a6 10. Kb1 Ne4 11. Nxe4 dxe4 12. Ng1 b5 13. Nh3 Qd5 14. Nf4 Qd7 15. g3 Bb7 16. Bg2 f5 17. exf6 Bxf6 18. Bxe4 Rae8 19. Bd5+ Kh8 20. Qh5 Ne7 21. Bxb7 c6 22. d5 Qxb7 23. d6 g6 24. Qh3 Nd5 25. Nxg6+ Kg8 26. Nxf8 Rxe3 27. Nd7 Bg7 28. Rhe1 Qa7 29. Qf5 Qd4 30. Qf7+ Kxf7 31. Rf1+ Ke6 32. Nf8+ Kxd6 33. Rxd4 Bxd4 34. Nxh7 Re2 35. h4 Ne3 36. Rc1 Nc4 37. Ng5 Bxb2 38. Rd1+ Ke7 39. Nf3 Bc3 40. a4 Na3+ 41. Ka2 Nxc2 42. Kb3 b4 43. Rd3 Ne3 44. Nd2 Bxd2 45. Ka2 Bc3+ 46. Kb1 Re1+ 0-1

[Event "Southend op 60th"]
[Site "Southend"]
[Date "2016.03.25"]
[Round "1"]
[White "Fitzsimons, David"]
[Black "Amato, Giampiero"]
[Result "1-0"]
[WhiteElo "2388"]
[BlackElo "2007"]
[PlyCount "61"]
[EventDate "2016.03.25"]
[EventType "swiss"]
[EventRounds "7"]
[EventCountry "ENG"]
[SourceTitle "CBM 171 Extra"]
[Source "ChessBase"]
[SourceDate "2016.04.26"]
[SourceVersion "1"]
[SourceVersionDate "2016.04.26"]
[SourceQuality "1"]

1. Nf3 Nf6 2. c4 c5 3. g3 d5 4. cxd5 Nxd5 5. Bg2 Nc6 6. d4 cxd4 7. Nxd4 Ndb4 8. Nxc6 Qxd1+ 9. Kxd1 Nxc6 10. Be3 g6 11. Nd2 Bg7 12. Rc1 0-0 13. b3 Rd8 14. Ke1 Be6 15. Bxc6 bxc6 16. f3 a5 17. Kf2 Bd5 18. Nc4 a4 19. b4 Rab8 20. Bc5 e6 21. a3 Bxc4 22. Rxc4 Bb2 23. Ke3 Bxa3 24. Ra1 Bb2 25. Rxa4 Ra8 26. Ra5 Be5 27. Bb6 Rxa5 28. bxa5 Rd1 29. Ra4 Bc3 30. a6 c5 31. a7 1-0